| 000 | 00755nam a22001697a 4500 | ||
|---|---|---|---|
| 008 | 110914s1979 ua|||||r|||| 000 0dara d | ||
| 082 |
_222 _a386.43 _bر ز ق |
||
| 100 |
_927176 _aرزق، فتحي |
||
| 245 |
_aقناة السويس : _bالموقع والتاريخ / _cفتحي رزق |
||
| 260 |
_aالقاهرة : _b[دار النصر للطباعة الإسلامية] ، [1983?] _c[1983?] |
||
| 300 |
_a409 ص ؛ _c24 سم |
||
| 504 | _aيشتمل على إرجاعات بليوجرافية ص 408-409 | ||
| 650 |
_917620 _aقناة السويس _xتاريخ |
||
| 653 | _bGeneral | ||
| 942 |
_2ddc _cBB |
||
| 999 |
_c16025 _d16025 |
||